Szövetkezeti lakások [Újszegeden, a Vedres István utcában három épülettömb került tető alá] /

Elmentve itt :
Bibliográfiai részletek
Szerző: Tóh Béla
Dokumentumtípus: Cikk
Megjelent: 1960-04-29
Sorozat:Délmagyarország 50 No. 100
Kulcsszavak:Városfejlesztés lakásépítés Szeged 1960
Online Access:http://dmarchiv.bibl.u-szeged.hu/54426
LEADER 00550nab a2200157 i 4500
001 delm54426
005 20180927141907.0
008 180927s1960 hu o 0|| hun d
040 |a SZTE Délmagyarország Archívum  |b hun 
041 |a hun 
100 1 |a Tóh Béla 
245 1 0 |a Szövetkezeti lakások   |h [elektronikus dokumentum] :  |b [Újszegeden, a Vedres István utcában három épülettömb került tető alá] /  |c  Tóh Béla 
260 |c 1960-04-29 
300 |a 1 
490 0 |a Délmagyarország  |v 50 No. 100 
695 |a Városfejlesztés lakásépítés Szeged 1960